000 00539nam a2200181Ia 4500
008 240925s9999 xx 000 0 und d
020 _a9788120335080
082 _a005.133 PEL
100 _aPelland, Patrice
245 0 _aBuild A Program Now Microsoft Visual C#®2008 Express Edition
250 _aNA
260 _aNew Delhi:
_bPearson Printice Hall
_c,2008.
300 _axxii,897p.
_b0
_fOriginal
500 _aIncludes Index
600 _aComputer Science
650 _aComputer science, information & general works
942 _cBK
999 _c10319
_d10319